ইতিহাস ও ঐতিহাসিক / (Record no. 27326)

MARC details
000 -LEADER
fixed length control field 00705nam a22001937a 4500
003 - CONTROL NUMBER IDENTIFIER
control field BDDh-ASL
005 - DATE AND TIME OF LATEST TRANSACTION
control field 20231015030743.0
008 - FIXED-LENGTH DATA ELEMENTS--GENERAL INFORMATION
fixed length control field 210918s19812006bg ||||| |||| 00| 0 b d
040 ## - CATALOGING SOURCE
Transcribing agency BDDh-ASL
082 ## - DEWEY DECIMAL CLASSIFICATION NUMBER
Classification number 954.92
Item number TAI
100 1# - MAIN ENTRY--PERSONAL NAME
9 (RLIN) 873
Personal name তরফদার, মমতাজুর রহমান
245 10 - TITLE STATEMENT
Title ইতিহাস ও ঐতিহাসিক /
246 ## - VARYING FORM OF TITLE
Title proper/short title Itihas O Oytihasik
260 ## - PUBLICATION, DISTRIBUTION, ETC.
Place of publication, distribution, etc. ঢাকা:
Name of publisher, distributor, etc. বাংলা একাডেমি,
Date of publication, distribution, etc. ১৯৮১।
300 ## - PHYSICAL DESCRIPTION
Extent ১৪৪ পৃষ্ঠা, :
Dimensions ২২ সে. মি.
504 ## - BIBLIOGRAPHY, ETC. NOTE
Bibliography, etc. note গ্রন্থপঞ্জি সংযুক্ত ।
650 #0 - SUBJECT ADDED ENTRY--TOPICAL TERM
9 (RLIN) 4586
Topical term or geographic name entry element History (ইতিহাস)
942 ## - ADDED ENTRY ELEMENTS (KOHA)
Source of classification or shelving scheme Dewey Decimal Classification
Koha item type Books
Holdings
Withdrawn status Lost status Source of classification or shelving scheme Damaged status Not for loan Collection code Home library Current library Shelving location Date acquired Source of acquisition Total Checkouts Full call number Barcode Date last seen Copy number Price effective from Koha item type Public note
    Dewey Decimal Classification     Non-fiction Asiatic Society Library Asiatic Society Library General Stacks 11/01/2021 ASB Collection   954.92 TAI 113421 11/01/2021 C-1 11/01/2021 Books RARE
    Dewey Decimal Classification     Non-fiction Asiatic Society Library Asiatic Society Library General Stacks 04/02/2022 ASB Library Collection   954.92 TAI 116444 04/02/2022 C-2 04/02/2022 Books RARE
    Dewey Decimal Classification     Non-fiction Asiatic Society Library Asiatic Society Library General Stacks 04/02/2022 ASB Library Collection   954.92 TAI 116445 04/02/2022 C-3 04/02/2022 Books RARE
    Dewey Decimal Classification     Non-fiction Asiatic Society Library Asiatic Society Library Wakil Ahmed Collection 03/08/2023 Donated by Prof. Wakil Ahmed   954.92 TAI 119473 03/08/2023 C-4 03/08/2023 Books RARE

Powered by Koha